000 00240nam a22001097a 4500
999 _c261100
_d261099
020 _a9780545133821
100 _aBarbara Robinson
245 _aThe Best Hallowen Ever
260 _aUSA
_bScholastic
_c2004
300 _a117 pgs
942 _cBK